| 000 | 00816nam a2200301Ia 4500 | ||
|---|---|---|---|
| 001 | B3419 | ||
| 003 | IT-RoPAU | ||
| 008 | 130308s9999 xx 000 0 und d | ||
| 040 | _aIT-RoPAU | ||
| 040 | _cIT-RoPAU | ||
| 041 | _aINGLESE | ||
| 100 | _aCarlson Marvin | ||
| 100 | _gCodice Aut. SPICS: 19563 | ||
| 245 | _aSemiotics of Opera Structures (The) | ||
| 245 | _bApproches de L'Opera-Approaches Of The Opera | ||
| 250 | _a1a ed. | ||
| 260 | _aPARIS | ||
| 260 | _bDidier Erudition | ||
| 260 | _c1986 [1° Ed.:1986 - Ed.Ling.Originale:1986] | ||
| 300 | _a"9 p. (prefazione: no ; testo: 9 [pagine: 95-103])" | ||
| 500 | _aSemiotica delle strutture dell'Opera. | ||
| 650 | _aGENERI MUSICALI | ||
| 650 | _eCodice materia Spics: 7010 | ||
| 942 | _cBK | ||
| 957 | _71 | ||
| 999 |
_c59554 _d59554 |
||
| 999 | _bSI | ||
| 999 | _g1 | ||